=LDR 00000nam 2200000 4500 =001 INLIS000000000040557 =005 20140909111335.0 =006 =007 =008 Ind =035 ##$$0010-061300000040557 =041 ##$$a Ind =082 ##$$a 813 =090 ##$$a 813, Way p =100 ##$$a Way, Margaret =245 ##$$a Pencarian cinta laura/ Margaret Way; alih bahasa, Istiani Prajoko; Editor, Ustatin =260 ##$$a 2010 $b Jakarta =300 ##$$a 294 hlm., 18 cm =650 ##$$a Fiksi =700 ##$$a Prajoko, Istiani =850 ##$$a NBPNMAT =990 ##$$a 92738/BPAP-NTB/2014 =990 ##$$a 0001/BPAP-NTB/20142014 =990 ##$$a 0001/BPAP-NTB/2015